1150 1120 1219 1845 1207 1854 1729 1508 1246 1747 1839 1610 1946 1744 1411 1878 1152 1008 1780 1616 1821 1749 1149 1630 1258 1820 1382 1585 1742 1379 1581 1715 1253 1104 1576 1020 1189 1948 1026 1734 1953 1381 1983 1663 1295 1878 1298 1610 1315 1585 1434 1288 1375 1962 1812 1687 1249 1099 1033 1957 1805 1204 1426 1654 1529 1631 1845 1586 1154 1622 1243 1731 1376 1726 1592 1739 1516 1499 1758 1683 1392 1249 1233 1456 1382 1355 1387 1118 1916 1173 1526 1905 1855 1985 1557 1899 1982 1184 1982 BCNSPRNW ULIB Ver.6.0+V

เปลี่ยนเป็นภาษาไทย

Change to English
 แสดงรายละเอียดบรรณานุกรม
  กลับหน้าหลัก

Brief Record : Get Marc (ISO 2709) : E-mail record : QR code < ปิดหน้าต่าง
LEADER : 00000nam 2200000uu 4500
001    13399110390
003     ULIB
008    110429s2549||||th 000 0 tha d
020    9749773101
020    978-9749773109
060 04 WO100^bส232ศ ล.33 2549
245 00 ศัลยศาสตร์วิวัฒน์ 33 :^bวิทยาศาสตร์พื้นฐานทางศัลยศาสตร์ II/^cบรรณาธิการ, สมเกียรติ วัฒนศิริชัยกุล ... [และคนอื่นๆ]
246 30 วิทยาศาสตร์พื้นฐานทางศัลยศาสตร์ II
250    พิมพ์ครั้งที่ 1
260    กรุงเทพฯ :^bกรุงเทพเวชสาร,^c2549
300    ก-ซ, 237 หน้า :^bภาพประกอบ ;^c22 ซม.
650  7 ศัลยศาสตร์
653    ผลงานอาจารย์คณะแพทยศาสตร์ศิริราชพยาบาล
700 0  สมเกียรติ วัฒนศิริชัยกุล,^eบรรณาธิการ
995    ทศพร
999 ^a ใช้งานได้ทุกระบบ
รายการนี้ยังไม่มีแท็ก
คุณยังไม่ได้ล็อกอิน คุณสามารถมีกิจกรรมร่วมกับเว็บไซต์ได้ แต่ต้องล็อกอินก่อน ::
  ล็อกอิน

รายการสื่อสารสนเทศ

ลำดับที่ ประเภท เลขเรียก/บาร์โค้ด สถานที่ สถานะ
- ไม่พบข้อมูล -

รายการใกล้เคียง
    หัวเรื่อง [ศัลยศาสตร์]

BibComment


ยังไม่เคยถูกคอมเมนท์

คอมเมนท์ทรัพยากรรายการนี้
  คอมเมนท์: ศัลยศาสตร์วิวัฒน์..


 Copyright 2026. Bcnsprnw @Library